Técnica de resolución de casos penales
সংরক্ষণ করুন:
| প্রধান লেখক: | |
|---|---|
| বিন্যাস: | গ্রন্থ |
| ভাষা: | স্প্যানিশ |
| প্রকাশিত: |
Buenos Aires
Hammurabi
2002
|
| সংস্করন: | 2a. ed |
| বিষয়গুলি: | |
| ট্যাগগুলো: |
ট্যাগ যুক্ত করুন
কোনো ট্যাগ নেই, প্রথমজন হিসাবে ট্যাগ করুন!
|
MARC
| LEADER | 00000nam a2200000 a 4500 | ||
|---|---|---|---|
| 001 | UCK3312 | ||
| 003 | CL-VaPUC | ||
| 008 | 050422e20020000AG |||||||||||||||||spa|d | ||
| 020 | |a 9508910933 | ||
| 082 | 0 | 4 | |a 345.46 |b BAC |2 21 |
| 100 | 0 | |a Bacigalupo Zapater, Enrique |e author |9 491407 | |
| 245 | 1 | 0 | |a Técnica de resolución de casos penales |
| 250 | |a 2a. ed | ||
| 300 | |a 250 p | ||
| 942 | |c BK | ||
| 945 | |d 20050422 00:00:00 |a cmena | ||
| 260 | |a Buenos Aires |b Hammurabi |c 2002 | ||
| 650 | 0 | |a Derecho penal español |9 368528 | |
| 650 | 0 | |a Jurisprudencia |9 255952 | |
| 650 | 0 | |a Delitos |9 224143 | |
| 650 | 0 | |a Sentencias |9 256250 | |
| 650 | 0 | |a Derecho comparado |9 255664 | |
| 583 | |a last modification |c 20190704 02:56:03 |k Rodrigo Vera | ||
| 999 | |c 312558 |d 312556 | ||
| 952 | |0 0 |1 0 |4 0 |6 345_460000000000000_BAC_2002 |7 0 |8 A |9 383049 |a BIBDER |b BIBDER |d 2019-11-21 |i 4105044 |o 345.46 BAC 2002 |p 4105044 |r 2023-01-25 |w 2019-11-21 |y BK |k DER | ||